000
00206nam a22000977a 4500
003
SGT
245
_a
Fluoride
260
_b
International Society for Fluoride Research
_c
2018
300
_a
388
942
_2
ddc
_c
BV
999
_c
30396
_d
30396